| 000 | 00501nam a2200145 i 4500 | ||
|---|---|---|---|
| 001 | 105205 | ||
| 003 | ES-MaACL | ||
| 005 | 20230906183818.0 | ||
| 007 | t| | ||
| 008 | 060616s1904 sp ||||1| spa d | ||
| 100 | 1 |
_aLópez Mora, Rafael. _973796 |
|
| 245 | 1 | 0 |
_aEstudio de los extractos medicinales acuosos _b: memoria presentada para aspirar al grado de doctor en farmacia / _cpor Rafael López Mora. |
| 260 |
_aCórdoba : _b[s.n.], _c1904 ( _fEst. Tip. La Puritana) |
||
| 852 |
_aES-MaACL _jT-1138-F-7 |
||
| 999 |
_c105205 _d105205 |
||